Good night, Good Knight / (Record no. 3285)

MARC details
000 -LEADER
fixed length control field 00948cam a2200289 a 4500
005 - DATE AND TIME OF LATEST TRANSACTION
control field 20240223113707.0
020 ## - INTERNATIONAL STANDARD BOOK NUMBER
International Standard Book Number 9780142302019
040 ## - CATALOGING SOURCE
Original cataloging agency DLC
Transcribing agency DLC
Modifying agency DLC
Language of cataloging eng
050 00 - LIBRARY OF CONGRESS CALL NUMBER
Classification number PZ7.T369453
Item number 2000
082 00 - DEWEY DECIMAL CLASSIFICATION NUMBER
Classification number 246
100 1# - MAIN ENTRY--PERSONAL NAME
Personal name Thomas, Shelley Moore
245 10 - TITLE STATEMENT
Title Good night, Good Knight /
Statement of responsibility, etc. by Thomas, Sheeley Moore ; pictures by Plecas, Jennifer
260 ## - PUBLICATION, DISTRIBUTION, ETC.
Place of publication, distribution, etc. New York :
Name of publisher, distributor, etc. Penguin Group,
Date of publication, distribution, etc. 2000
300 ## - PHYSICAL DESCRIPTION
Extent 47 pages :
Other physical details color illustrations ;
Dimensions 24 cm.
490 ## - SERIES STATEMENT
Series statement Penguin young readers
Volume/sequential designation Level 2
505 ## - FORMATTED CONTENTS NOTE
Formatted contents note G <br/>
520 ## - SUMMARY, ETC.
Summary, etc. A Good Knight helps three little dragons who are having trouble getting to sleep.
521 ## - TARGET AUDIENCE NOTE
Target audience note 410 <br/>
Source Lexile <br/>
521 ## - TARGET AUDIENCE NOTE
Target audience note G <br/>
Source Raz-Plus<br/>
650 #1 - SUBJECT ADDED ENTRY--TOPICAL TERM
Topical term or geographic name entry element Knights and knighthood
Form subdivision Fiction.
650 #1 - SUBJECT ADDED ENTRY--TOPICAL TERM
Topical term or geographic name entry element Dragons
Form subdivision Fiction.
650 #1 - SUBJECT ADDED ENTRY--TOPICAL TERM
Topical term or geographic name entry element Bedtime
Form subdivision Fiction.
700 1# - ADDED ENTRY--PERSONAL NAME
Personal name Plecas, Jennifer
Relator term illustrator
906 ## - LOCAL DATA ELEMENT F, LDF (RLIN)
a 7
b cbc
c orignew
d 1
e ocip
f 19
g y-gencatlg
942 ## - ADDED ENTRY ELEMENTS (KOHA)
Source of classification or shelving scheme Dewey Decimal Classification
Koha item type Books
Suppress in OPAC No
999 ## -
-- 3285
-- 3285
Holdings
Withdrawn status Lost status Source of classification or shelving scheme Damaged status Not for loan Collection Home library Current library Shelving location Date acquired Total Checkouts Full call number Barcode Date last seen Price effective from Koha item type
    Dewey Decimal Classification     Juvenile Fiction Footprints International School Library Network Toul Kork Campus Footprints International School Library Network Toul Kork Campus   02/23/2024   THO 246 PZ7.T369453 FIS03175 02/23/2024 02/23/2024 Books